00518nam a22001697a 4500003000400000005001700004008004100021040001000062050002700072100001800099245009900117260004000216300000900256650002500265650003100290650002700321OSt20260521152933.0260521b |||||||| |||| 00| 0 eng d cchuka aTHE PL 4784b.O28 2024 aSIMEON MABEA  aBusiness journalism in kenya newspapers: the practice and its influence on economic decisions achuka kenyabchuka universityc2024 a112p a1. news papers kenya a2. mass media and business a3. business journalism